Ohodnotenie nehmotného majetku podniku diplomová práca

Guardado en:
Detalles Bibliográficos
Autor principal: Kralovičová, Miroslava
Autor Corporativo: Fakulta podnikového manažmentu EU. Katedra podnikovohospodárska
Otros Autores: Kubica, Milan, 1958-
Formato: Libro
Lenguaje:eslovaco
Publicado: Bratislava 2008
Etiquetas: Agregar Etiqueta
Sin Etiquetas, Sea el primero en etiquetar este registro!

MARC

LEADER 00000nam$a2200000$$$4500
001 0086238
005 20240201115851.8
041 0 |a slo 
044 |a SK 
245 1 0 |a Ohodnotenie nehmotného majetku podniku  |b diplomová práca  |c Miroslava Kralovičová ; škol. Milan Kubica 
264 1 |a Bratislava  |c 2008 
300 |a 82 s. 
100 1 |a Kralovičová, Miroslava 
700 1 |a Kubica, Milan, 1958- 
710 2 |a Fakulta podnikového manažmentu EU. Katedra podnikovohospodárska